[Event "Oslo Sveins op 9th"]
[Site "Oslo"]
[Date "2016.06.24"]
[Round "9"]
[White "Lund, Gunnar"]
[Black "Naess, Maria"]
[Result "1-0"]
[WhiteElo "1921"]
[BlackElo "1574"]
[PlyCount "101"]
[EventDate "2016.06.24"]
[EventType "swiss"]
[EventRounds "9"]
[EventCountry "NOR"]
[SourceTitle "CBM 173 Extra"]
[Source "ChessBase"]
[SourceDate "2016.08.29"]
[SourceVersion "1"]
[SourceVersionDate "2016.08.29"]
[SourceQuality "1"]

1. e4 e5 2. Nf3 Nc6 3. Bc4 Nf6 4. d3 Bc5 5. c3 0-0 6. Bb3 d5 7. Qe2 Re8 8. Nbd2 dxe4 9. Nxe4 Nxe4 10. dxe4 Bg4 11. 0-0 Qf6 12. Be3 Bxe3 13. Qxe3 Bxf3 14. Qxf3 Qxf3 15. gxf3 Ne7 16. Rfd1 Rad8 17. Kf1 Ng6 18. Ke2 Nf4+ 19. Ke3 c6 20. a4 a5 21. Bc4 Kf8 22. b4 b6 23. Rxd8 Rxd8 24. bxa5 bxa5 25. Rb1 Ne6 26. Bxe6 fxe6 27. Rb6 Rc8 28. Ra6 Rc7 29. Rxa5 c5 30. f4 exf4+ 31. Kxf4 Rf7+ 32. Ke3 Rc7 33. Rb5 Ke7 34. a5 Kd7 35. Kf4 Kd6 36. Rb6+ Rc6 37. Rxc6+ Kxc6 38. Ke5 Kb5 39. Kxe6 Kxa5 40. Kd6 Kb5 41. e5 c4 42. e6 Ka4 43. e7 Kb3 44. e8Q Kxc3 45. Kc5 Kd3 46. Qe3+ Kc2 47. Kxc4 Kb2 48. Qc3+ Kb1 49. Qd2 Ka1 50. Kb3 Kb1 51. Qd1# 1-0

[Event "Oslo Sveins op 9th"]
[Site "Oslo"]
[Date "2016.06.24"]
[Round "4"]
[White "Naess, Maria"]
[Black "Tryggestad, Linnea Garberg"]
[Result "1/2-1/2"]
[WhiteElo "1574"]
[BlackElo "1498"]
[PlyCount "54"]
[EventDate "2016.06.24"]
[EventType "swiss"]
[EventRounds "9"]
[EventCountry "NOR"]
[SourceTitle "CBM 173 Extra"]
[Source "ChessBase"]
[SourceDate "2016.08.29"]
[SourceVersion "1"]
[SourceVersionDate "2016.08.29"]
[SourceQuality "1"]

1. e4 c6 2. d4 d5 3. Nc3 dxe4 4. Nxe4 Bf5 5. Ng3 Bg6 6. Nf3 Nf6 7. Ne5 Nbd7 8. Nxg6 hxg6 9. Bc4 e6 10. Bg5 Qc7 11. Qf3 Qa5+ 12. Bd2 Bb4 13. c3 Bd6 14. h3 Qb6 15. b4 e5 16. Be3 Qc7 17. 0-0 0-0 18. Rad1 exd4 19. Bxd4 Ne5 20. Bxe5 Bxe5 21. Ne2 Rad8 22. Bb3 Rxd1 23. Rxd1 Rd8 24. Rxd8+ Qxd8 25. b5 Qd2 26. g3 cxb5 27. Kf1 Qd7 1/2-1/2